Statistiques concernant Les 7 péchés capitaux

Cliquez ici pour prendre le quiz!

Statistiques générales

  • Ce quiz a été pris 35 796 fois
  • Le résultat moyen est 5 sur 7

Statistiques - réponses

Péchés% Correct
Gourmandise
89%
Luxure
79%
Envie
70%
Avarice
65%
Paresse
62%
Colère
56%
Orgueil
46%

Distribution des résultats

Percentile par nombre de réponses

% des personnes avec chaque résultat

Votre développement - résultats

Vous n’avez pas pris ce quiz